000 00497nam a2200181Ia 4500
003 GCL
008 140319s9999 xx 000 0 ara d
040 _aGCL /
_cGCL
082 0 4 _a701
_bس ع
100 1 _aسعيد توفيق
245 1 0 _aعالمية الفن ومحليته /
_cسعيد توفيق
260 _a[S.N] :
_bدار الثقافة للنشر والتوزيع ،
_c1992
300 _a58 ص
490 _a
650 0 4 _aالفلسفة
650 0 4 _aالفن
942 _2ddc
_cBK
999 _c31085
_d31085